| 000 | 00416nam a2200157Ia 4500 | ||
|---|---|---|---|
| 008 | 231217s9999 xx 000 0 und d | ||
| 041 | _aEnglish | ||
| 082 | _a658.8 HIL `R' | ||
| 100 | _aHill, Richard M Alexander, Ralph S Cross, James S | ||
| 245 | 0 | _aIndustrial marketing | |
| 250 | _a4th ed. | ||
| 260 |
_c1998 _bAll India Travellers |
||
| 300 | _axii+703 | ||
| 650 | _aIndustrial marketing | ||
| 942 | _cAA | ||
| 999 |
_c166459 _d166459 |
||